| 000 | 00640nam a2200181 a 4500 | ||
|---|---|---|---|
| 008 | 120416s1998 ||||||||||||||||| || u | ||
| 020 | _a052149608X | ||
| 050 | _aGB 1003.2 Ing | ||
| 100 | _aIngerbritsen, Steven E | ||
| 245 | 1 | 0 | _aGroundwater in geologic processes |
| 260 |
_aCambridge _bCambridge University Press _c1998 |
||
| 300 | _axxi, 341 p. : ill. | ||
| 350 | _a0.00 | ||
| 500 | _aBibliography. | ||
| 650 | _aHYDROGEOLOGY | ||
| 700 | _aSanford, Ward E | ||
| 995 |
_D0.00 _FCBU-MAIN LIBRARY (Kitwe) _H1 _I19.00 _M1 _UAVAILABLE _WFeb 22, 2007 _ZMain Library Open Access Collection |
||
| 999 |
_c44972 _d44972 |
||